Sports Quiz

Random Sports Quiz

Best 10 PGs (active) Quiz Stats

 Plays Quiz not verified by Sporcle

Challenge
Share
Tweet
Embed
Score 0/10 Timer 05:00
0 Plays Today
Hint Answer % Correct
GSStephen Curry
100%
OKCRussell Westbrook
100%
CLEKyrie Irving
100%
LACChris Paul
98.8%
WASJohn Wall
98.8%
PORDamian Lillard
95%
TORKyle Lowry
92.5%
BOSIsiah Thomas
91.3%
CHAKemba Walker
88.8%
NYKDerrick Rose
82.5%

You're not logged in!

Compare scores with friends on all Sporcle quizzes.
OR
Log In

You Might Also Like...

Show Comments

Extras

Created Aug 10, 2016ReportNominate
Tags:active, pgs

Top Quizzes Today


Score Distribution

Your Account Isn't Verified!

In order to create a playlist on Sporcle, you need to verify the email address you used during registration. Go to your Sporcle Settings to finish the process.

Report this User

Report this user for behavior that violates our Community Guidelines.

Details: